[Event "CP-2011-P-00032"]
[Site "LSS email"]
[Date "2011.09.30"]
[Round "?"]
[White "Sturluson, Snorri"]
[Black "De Waele, Willy"]
[Result "0-1"]
[WhiteElo "885"]
[BlackElo "1969"]
[PlyCount "40"]
[EventDate "2011.10.01"]
[EventType "tourn (corr)"]
[EventRounds "6"]
[EventCountry "GER"]
[SourceTitle "Telechess CBM 155"]
[Source "ChessBase"]
[SourceDate "2013.07.16"]
[SourceVersion "1"]
[SourceVersionDate "2013.07.16"]
[SourceQuality "1"]

1. e4 c5 2. Nf3 d6 3. d4 cxd4 4. Nxd4 Nf6 5. Nc3 a6 6. Be2 e5 7. Nf3 h6 8. 0-0 Be7 9. Re1 0-0 10. Bf1 Be6 11. Nd5 Nxd5 12. exd5 Bg4 13. Be2 Nd7 14. Qd3 f5 15. h3 e4 16. Qb3 Nc5 17. Qc3 exf3 18. hxg4 fxe2 19. gxf5 Rxf5 20. Rxe2 Bf6 0-1

[Event "LSS No Engine Cup 50 Preliminary 4"]
[Site "LSS email"]
[Date "2011.09.06"]
[Round "?"]
[White "Bienkowski, Alejandro"]
[Black "Sturluson, Snorri"]
[Result "1-0"]
[WhiteElo "1754"]
[BlackElo "882"]
[PlyCount "67"]
[EventDate "2011.09.07"]
[EventType "tourn (corr)"]
[EventRounds "6"]
[EventCountry "GER"]
[SourceTitle "Telechess CBM 157"]
[Source "ChessBase"]
[SourceDate "2013.11.12"]
[SourceVersion "1"]
[SourceVersionDate "2013.11.12"]
[SourceQuality "1"]

1. e4 e6 2. d4 d5 3. Nc3 Bb4 4. e5 c5 5. Bd2 cxd4 6. Nb5 Bxd2+ 7. Qxd2 Nc6 8. f4 Qb6 9. 0-0-0 Nge7 10. Nd6+ Kf8 11. Nf3 Nf5 12. Nxf5 exf5 13. Nxd4 Nxd4 14. Qxd4 Qxd4 15. Rxd4 Be6 16. g3 g6 17. Bg2 Rd8 18. Rhd1 Ke7 19. Bxd5 Bxd5 20. Rxd5 Rxd5 21. Rxd5 Rd8 22. Rxd8 Kxd8 23. Kd2 Kd7 24. Kd3 Kc6 25. Kd4 b6 26. a4 a6 27. b4 Kc7 28. Kd5 Kd7 29. c4 h6 30. h4 h5 31. c5 bxc5 32. bxc5 a5 33. c6+ Kc7 34. Kc5 1-0

[Event "LSS No Engine Cup 50 Preliminary 4"]
[Site "LSS email"]
[Date "2011.09.06"]
[Round "?"]
[White "Fernandez, German"]
[Black "Sturluson, Snorri"]
[Result "1-0"]
[WhiteElo "1096"]
[BlackElo "882"]
[PlyCount "73"]
[EventDate "2011.09.07"]
[EventType "tourn (corr)"]
[EventRounds "6"]
[EventCountry "GER"]
[SourceTitle "Telechess CBM 157"]
[Source "ChessBase"]
[SourceDate "2013.11.12"]
[SourceVersion "1"]
[SourceVersionDate "2013.11.12"]
[SourceQuality "1"]

1. d4 Nf6 2. c4 g6 3. Nc3 Bg7 4. e4 d6 5. Nf3 0-0 6. Be2 Re8 7. 0-0 Nbd7 8. h3 e5 9. d5 Nc5 10. Qc2 Nh5 11. b4 Na6 12. Rb1 c6 13. Rd1 Nf4 14. Bxf4 exf4 15. dxc6 bxc6 16. c5 Qf6 17. Rb3 dxc5 18. Bxa6 Bxa6 19. bxc5 Qe7 20. e5 Qxc5 21. Qe4 Bxe5 22. Nxe5 Rxe5 23. Qxf4 Rf5 24. Qd2 Bc4 25. Ne4 Qe7 26. Re3 Rd5 27. Qc2 Rxd1+ 28. Qxd1 Bxa2 29. Nc3 Be6 30. Qa4 Qc7 31. Ne4 Rb8 32. Nf6+ Kg7 33. Qa1 Kh6 34. Re4 g5 35. Ng4+ Bxg4 36. Qf6+ Kh5 37. hxg4+ 1-0

[Event "LSS No Engine Cup 50 Preliminary 4"]
[Site "LSS email"]
[Date "2011.09.06"]
[Round "?"]
[White "Sturluson, Snorri"]
[Black "Gamb, Roper"]
[Result "0-1"]
[WhiteElo "882"]
[BlackElo "1983"]
[PlyCount "44"]
[EventDate "2011.09.07"]
[EventType "tourn (corr)"]
[EventRounds "6"]
[EventCountry "GER"]
[SourceTitle "Telechess CBM 157"]
[Source "ChessBase"]
[SourceDate "2013.11.12"]
[SourceVersion "1"]
[SourceVersionDate "2013.11.12"]
[SourceQuality "1"]

1. e4 c5 2. Nf3 e6 3. Bc4 a6 4. 0-0 b5 5. Be2 Bb7 6. d4 Bxe4 7. Nc3 Bb7 8. dxc5 Bxc5 9. Bg5 f6 10. Bf4 e5 11. Bg3 Ne7 12. Qd2 d5 13. Rad1 Qb6 14. Ne1 0-0 15. Nd3 d4 16. Nb1 Bd6 17. c3 e4 18. Bxd6 Qxd6 19. Nb4 d3 20. Bg4 f5 21. Bh3 Ng6 22. Qg5 a5 0-1

[Event "LSS No Engine Cup 50 Preliminary 4"]
[Site "LSS email"]
[Date "2011.09.06"]
[Round "?"]
[White "Sturluson, Snorri"]
[Black "Lewis, Jerome A"]
[Result "0-1"]
[WhiteElo "882"]
[BlackElo "1128"]
[PlyCount "81"]
[EventDate "2011.09.07"]
[EventType "tourn (corr)"]
[EventRounds "6"]
[EventCountry "GER"]
[SourceTitle "Telechess CBM 157"]
[Source "ChessBase"]
[SourceDate "2013.11.12"]
[SourceVersion "1"]
[SourceVersionDate "2013.11.12"]
[SourceQuality "1"]

1. e4 e6 2. d4 d5 3. Nc3 Bb4 4. a3 Bxc3+ 5. bxc3 b6 6. Qg4 g6 7. Bd3 Bb7 8. e5 c5 9. Bg5 Qc7 10. Nf3 c4 11. Be2 Nd7 12. 0-0 h6 13. Bd2 0-0-0 14. Rfb1 Ne7 15. Qf4 Rdf8 16. a4 g5 17. Qg3 f6 18. a5 fxe5 19. axb6 axb6 20. dxe5 Rf5 21. Nd4 Rxe5 22. Nb5 Qb8 23. Bg4 Nf5 24. Bxf5 exf5 25. Nd4 f4 26. Qg4 Kc7 27. Qh5 Qe8 28. Qxe8 Rhxe8 29. Ra7 Ra8 30. Rba1 Rxa7 31. Rxa7 Nc5 32. Kf1 Na6 33. Nb5+ Kb8 34. g3 f3 35. Be3 Nc7 36. Rxb7+ Kxb7 37. Bd4 Re6 38. Nxc7 Kxc7 39. h3 Re2 40. Bg7 h5 41. Bf6 0-1

[Event "OP-2011-0-01494"]
[Site "LSS email"]
[Date "2011.04.19"]
[Round "?"]
[White "Sturluson, Snorri"]
[Black "Lombardi, Donato"]
[Result "1-0"]
[WhiteElo "874"]
[BlackElo "744"]
[PlyCount "109"]
[EventDate "2011.04.15"]
[EventType "tourn (corr)"]
[EventRounds "4"]
[EventCountry "GER"]
[SourceTitle "Telechess CBM 147"]
[Source "ChessBase"]
[SourceDate "2012.03.16"]
[SourceVersion "1"]
[SourceVersionDate "2012.03.16"]
[SourceQuality "1"]

1. e4 e6 2. d4 d5 3. Nc3 Nf6 4. e5 Nfd7 5. Bb5 a6 6. Be2 c5 7. Nf3 cxd4 8. Qxd4 Nc6 9. Qf4 Be7 10. a3 Qc7 11. Qg4 0-0 12. Bh6 g6 13. Bxf8 Bxf8 14. 0-0 Ncxe5 15. Nxe5 Qxe5 16. Bf3 Bg7 17. Rfe1 Qd4 18. Qxd4 Bxd4 19. Rad1 Bxc3 20. bxc3 Nc5 21. Rd4 Bd7 22. c4 dxc4 23. Rxc4 Rc8 24. Re5 b6 25. h4 Bb5 26. Rc3 f6 27. Ree3 Kf7 28. Bb7 Rc7 29. Bf3 e5 30. Bd5+ Kg7 31. Bb3 Rd7 32. a4 Bxa4 33. Rxc5 bxc5 34. Bxa4 Rc7 35. Rd3 Kh6 36. Rd6 f5 37. Rxa6 Kh5 38. g3 h6 39. Rc6 Rxc6 40. Bxc6 g5 41. hxg5 hxg5 42. Bd7 f4 43. g4+ Kg6 44. Kg2 Kf6 45. Kf3 Ke7 46. Bb5 Kd6 47. Ke4 Ke6 48. Bc4+ Kf6 49. Kd5 f3 50. Kxc5 e4 51. Kd4 Kg6 52. Kxe4 Kf6 53. Kxf3 Ke5 54. Ke3 Kf6 55. Ke4 1-0

[Event "LSS RN-2010-0-00323"]
[Site "LSS email"]
[Date "2010.10.04"]
[Round "?"]
[White "Sturluson, Snorri"]
[Black "Foley, Jeffrey"]
[Result "0-1"]
[WhiteElo "863"]
[BlackElo "891"]
[PlyCount "84"]
[EventDate "2010.09.23"]
[EventType "tourn (corr)"]
[EventRounds "6"]
[EventCountry "GER"]
[SourceTitle "Telechess CBM 143"]
[Source "ChessBase"]
[SourceDate "2011.07.15"]
[SourceVersion "1"]
[SourceVersionDate "2011.07.15"]
[SourceQuality "1"]

1. e4 c6 2. Nc3 d5 3. Nf3 dxe4 4. Nxe4 Nd7 5. d4 Ngf6 6. Bd3 Nxe4 7. Bxe4 Nf6 8. Bd3 Bg4 9. c3 Qc7 10. 0-0 e6 11. Bg5 Be7 12. h3 Bxf3 13. Qxf3 0-0-0 14. Bf4 Bd6 15. Bxd6 Qxd6 16. a4 Qd5 17. Qxd5 Nxd5 18. a5 a6 19. Be2 Rdg8 20. Bh5 g6 21. Bf3 Nf4 22. Rad1 Kc7 23. Kh2 Nd5 24. Bxd5 cxd5 25. Rc1 Kd6 26. Ra1 f6 27. Ra3 Rb8 28. Rb3 Rhc8 29. Re1 e5 30. Rb6+ Rc6 31. dxe5+ fxe5 32. Re3 Rxb6 33. axb6 Rc8 34. g3 d4 35. Rd3 Kc5 36. cxd4+ exd4 37. b4+ Kc4 38. Rd1 Rd8 39. Kg2 d3 40. Kf3 Kc3 41. Ke3 d2 42. f4 Kc2 0-1

[Event "ZN-2010-0-01174"]
[Site "LSS email"]
[Date "2010.10.02"]
[Round "?"]
[White "Sturluson, Snorri"]
[Black "Aksenov, Aleksandr Aleksandr"]
[Result "0-1"]
[WhiteElo "875"]
[BlackElo "1470"]
[PlyCount "68"]
[EventDate "2010.09.30"]
[EventType "match (corr)"]
[EventRounds "2"]
[EventCountry "GER"]
[SourceTitle "Telechess CBM 143"]
[Source "ChessBase"]
[SourceDate "2011.07.15"]
[SourceVersion "1"]
[SourceVersionDate "2011.07.15"]
[SourceQuality "1"]

1. e4 e5 2. Nf3 Nf6 3. Nxe5 d6 4. Nf3 Nxe4 5. Qe2 Qe7 6. d3 Nf6 7. Nc3 Qxe2+ 8. Bxe2 Be7 9. 0-0 Bd7 10. Be3 Nc6 11. a3 0-0 12. Rfe1 Rfe8 13. Kf1 a6 14. h3 h6 15. Nd2 d5 16. Bf4 Rac8 17. Bf3 Nd4 18. Bd1 Bc6 19. Nf3 Ne6 20. Bg3 d4 21. Ne4 Nxe4 22. dxe4 Bd6 23. Bxd6 cxd6 24. Nd2 d5 25. exd5 Bxd5 26. Nb3 Bxb3 27. cxb3 d3 28. Bg4 d2 29. Red1 Rc2 30. Ke2 Nc5+ 31. Kf1 Nxb3 32. Rab1 Rc1 33. Be2 Rxb1 34. Rxb1 Nc1 0-1

[Event "LSS No Engine Cup 22 Preliminary 6"]
[Site "LSS email"]
[Date "2010.05.19"]
[Round "?"]
[White "Sturluson, Snorri"]
[Black "Fernandez, German"]
[Result "1-0"]
[WhiteElo "886"]
[BlackElo "956"]
[PlyCount "85"]
[EventDate "2010.05.20"]
[EventType "tourn (corr)"]
[EventRounds "6"]
[EventCountry "GER"]
[SourceTitle "Telechess CBM 141"]
[Source "ChessBase"]
[SourceDate "2011.03.17"]
[SourceVersion "1"]
[SourceVersionDate "2011.03.17"]
[SourceQuality "1"]

1. e4 c5 2. Nf3 d6 3. d3 Nc6 4. g3 g6 5. Bg2 Bg7 6. 0-0 e6 7. c3 Nge7 8. Bg5 0-0 9. Qd2 f6 10. Bh6 Rf7 11. Bxg7 Rxg7 12. Qh6 e5 13. Na3 a6 14. Nc4 b5 15. Ne3 Be6 16. c4 b4 17. b3 Qf8 18. Nd5 Bxd5 19. exd5 Nd8 20. Bh3 f5 21. Ng5 Kh8 22. f4 Ng8 23. Qh4 Qe7 24. fxe5 dxe5 25. Rae1 h6 26. Nf3 Qxh4 27. Nxh4 Nf7 28. Nf3 Re8 29. Rf2 Nf6 30. Rfe2 e4 31. dxe4 Rxe4 32. Nd2 Nd6 33. Bg2 Rge7 34. Nxe4 Nfxe4 35. Bxe4 fxe4 36. Rf2 Kg7 37. Kf1 Nf5 38. Rf4 e3 39. Ke2 Nd4+ 40. Kd3 g5 41. Rxd4 cxd4 42. Kxd4 e2 43. Kd3 1-0

[Event "OP-2010-0-01043"]
[Site "LSS email"]
[Date "2010.01.09"]
[Round "?"]
[White "Sturluson, Snorri"]
[Black "Castoro, Marco"]
[Result "0-1"]
[WhiteElo "887"]
[BlackElo "800"]
[PlyCount "82"]
[EventDate "2010.01.03"]
[EventType "tourn (corr)"]
[EventRounds "4"]
[EventCountry "GER"]
[SourceTitle "Corr 2022"]
[Source "ChessBase"]
[SourceDate "2021.10.24"]
[SourceVersion "1"]
[SourceVersionDate "2021.10.24"]
[SourceQuality "1"]

1. e4 e6 2. d4 d5 3. Nc3 Bb4 4. e5 c5 5. a3 cxd4 6. axb4 dxc3 7. bxc3 Ne7 8. Qg4 Qc7 9. Bb5+ Bd7 10. Bxd7+ Nxd7 11. Bd2 Qxe5+ 12. Ne2 0-0 13. 0-0 Nf6 14. Qf3 Rfc8 15. Nd4 Ne4 16. Bf4 Qf6 17. Be3 Qxf3 18. Nxf3 a6 19. Rfd1 Nxc3 20. Rd2 Ne4 21. Re2 h6 22. Ne5 Nf5 23. Bb6 f6 24. Ng6 Kf7 25. Nf4 Rc6 26. Be3 Nc3 27. Rd2 Nxe3 28. fxe3 Ne4 29. Re2 Rac8 30. Rc1 Nc3 31. Rf2 Na2 32. Rb1 Rxc2 33. b5 Rc1+ 34. Rxc1 Rxc1+ 35. Rf1 axb5 36. Rxc1 Nxc1 37. Kf1 g5 38. Ne2 Nxe2 39. Kxe2 f5 40. Kd3 e5 41. g3 b4 0-1

[Event "LSS OP-2009-0-00871"]
[Site "LSS email"]
[Date "2009.06.07"]
[Round "?"]
[White "Sturluson, Snorri"]
[Black "Murphy, Jones"]
[Result "0-1"]
[WhiteElo "862"]
[BlackElo "1249"]
[PlyCount "100"]
[EventDate "2009.06.03"]
[EventType "tourn (corr)"]
[EventRounds "4"]
[EventCountry "GER"]
[SourceTitle "Telechess CBM 137"]
[Source "ChessBase"]
[SourceDate "2010.07.15"]
[SourceVersion "1"]
[SourceVersionDate "2010.07.15"]
[SourceQuality "1"]

1. e4 c5 2. Nf3 e6 3. d4 cxd4 4. Nxd4 a6 5. Nc3 Qc7 6. Be2 b5 7. a3 Bb7 8. Bf3 Nf6 9. 0-0 d6 10. Bg5 Nbd7 11. Re1 Be7 12. Qe2 Ne5 13. Rad1 0-0 14. Qd2 Nxf3+ 15. Nxf3 Rfd8 16. Qf4 h6 17. Bxf6 Bxf6 18. Rd3 Rac8 19. Red1 d5 20. Qxc7 Rxc7 21. e5 Be7 22. Nd4 Rdc8 23. f4 Bc5 24. Kf1 b4 25. axb4 Bxb4 26. Nb1 a5 27. c3 Bf8 28. Ke1 Ba6 29. R3d2 a4 30. f5 exf5 31. Nxf5 Bc4 32. Na3 Bb3 33. Rc1 Re8 34. Re2 Rc6 35. Nd4 Rb6 36. Nxb3 Rxb3 37. Nb1 g6 38. c4 Rc8 39. e6 fxe6 40. Rxe6 Kf7 41. Ra6 Rxc4 42. Rxc4 dxc4 43. Rxa4 Rxb2 44. Nc3 Bb4 45. Rxb4 Rxb4 46. g4 Rb2 47. Ne2 Rxe2+ 48. Kxe2 Kf6 49. Ke3 Kg5 50. h3 Kh4 0-1